000 01117nam0a22003131 4500
001 v19\rc\1753559
005 20260407052201.0
035 _a(NLR Aleph) 004856830
090 _a4972973
_c4972973
100 _a20061204d1902 |||y0rusy50 ca
101 0 _arus
102 _aRU
105 _aa z |||||
200 1 _aЦандеровский механо-лечебный институт врачей В. Абеля, Л. Барама, В. Кофмана и И. Эфруси в Одессе
_e[Описание лечения по методу Цандера]
210 _aОдесса
_d1902
215 _a24 с.
_cил.
_d22
702 1 _aАбель
_bВ.
_4570
702 1 _aБарам
_bЛ.
_4570
702 1 _aКофман
_bВ.
_4570
702 1 _aЭфруси
_bИ.
_4570
710 0 2 _aЦандеровский механо-лечебный ин-т
_cОдесса
_3RU\NLR\AUTH\8810021666
_9541203
801 0 _aRU
_bNLR
_gpsbo
801 0 _aRU
_bRuMoRGB
_2psbo
801 1 _aRU
_bProSoft-M
_2rusmarc
852 _aNLR
_j18.334.1.280
899 _aRuMoRGB
_jV 162/240
899 _aБАН
942 _cBOOK
980 _aNB